Estatísticas para Titanic

Clique aqui para jogar o quiz

Estatísticas Gerais

  • Esse quiz foi jogado 53 vezes
  • A pontuação média é 5 de 14

Estatísticas das Respostas

HintResposta% Correto
Em que ano estreou o filme?1998
93%
Qual é o ator de Jack Dawson?Leonardo DiCaprio
93%
Qual é o nome da personagem principal, no filme?Rose
93%
Quantos casais estavam comemorando sua lua de mel no navio?3
71%
Qual foi a música da Céline Dion que ficou famosa graças ao filme?My Heart Will Go On
55%
Qual o país de origem do Titanic?Reino Unido
50%
Quantas semanas a última sobrevivente do Titanic tinha quando naufragou?9
48%
Qual foi a data que o Titanic afundou?15 de abril de 1912
26%
Quantas horas Titanic demorou para afundar?Duas horas
12%
Como se chamava o comandante?Edward Smith
5%
Em que ano se formou o iceberg?1000 A.C.
0%
Quantas pessoas morreram?1523
0%
Quem conseguiu manter o seu corpo aquecido por duas horas em temperaturas abaixo de zero porque tinha bebido muito whisky antes do naufrágio?Charles Joughin
0%
Qual o nome do fabricante do navio?Horlard and wolff
0%

Distribuição das Pontuações

Percentil de Números Respondidos

Porcentagem de Pessoas com Cada Pontuação

Sua Pontuação Histórica

Você não jogou esse quiz